00378nam a2200145Ia 4500008004100000020001800041041000800059082001500067100001500082245005900097260003700156300000800193365001600201700001500217230718s9999 xx 000 0 und d a9781107439863 aeng a005.3bLIL aLilja D.J. aMeasuring Computer PerformancebA Practitioner's Guide c2014bCambrigde University Press a261 cRs.b595.00 aLilja D.J.